000
00357nam a22001337a 4500
003
SGT
020
_a
8188266191
082
_a
89.4309
_b
K04S
100
_a
शर्मा, मनु
245
_a
खूटी पर टंगा : वसंत
260
_b
प्रतिभा प्रतिष्ठान
_c
2004
300
_a
141
942
_2
ddc
_c
BK
999
_c
30537
_d
30537